| 000 | 01308cam a22002654a 4500 | ||
|---|---|---|---|
| 001 | 13877108 | ||
| 005 | 20060724184212.0 | ||
| 008 | 050218r20051979nyua b 001 0 eng | ||
| 020 | _a048644239X (pbk.) | ||
| 040 |
_aDLC _cDLC _dDLC |
||
| 082 | 0 | 0 |
_a620.11892 _222 _bCHR |
| 100 | 1 |
_aChristensen, R. M. _q(Richard M.) _929269 |
|
| 245 | 1 | 0 |
_aMechanics of Composite Materials / _cRichard M. Christensen. |
| 260 |
_aMineola, N.Y. : _bDover Publications, _c2005. |
||
| 300 |
_axxii, 348 p. : _bill. ; _c21 cm. |
||
| 500 | _aReprint. Originally published: New York : Wiley, 1979. | ||
| 504 | _aIncludes bibliographical references and indexes. | ||
| 650 | 0 |
_aComposite materials _xMechanical properties. _929270 |
|
| 653 |
_bMec _cMarch2012 |
||
| 942 |
_2ddc _cBB |
||
| 999 |
_c16556 _d16556 |
||